LEADER 03374nam 2200685Ia 450 001 9910971691903321 005 20200520144314.0 010 $a9780791484937 010 $a0791484939 010 $a9781423739661 010 $a1423739663 035 $a(CKB)1000000000458379 035 $a(OCoLC)62751170 035 $a(CaPaEBR)ebrary10594931 035 $a(SSID)ssj0000172817 035 $a(PQKBManifestationID)11196776 035 $a(PQKBTitleCode)TC0000172817 035 $a(PQKBWorkID)10162570 035 $a(PQKB)10688165 035 $a(MiAaPQ)EBC3408585 035 $a(OCoLC)62348646 035 $a(MdBmJHUP)muse6160 035 $a(Au-PeEL)EBL3408585 035 $a(CaPaEBR)ebr10594931 035 $a(DE-B1597)682849 035 $a(DE-B1597)9780791484937 035 $a(Perlego)2673739 035 $a(EXLCZ)991000000000458379 100 $a20030722d2004 uy 0 101 0 $aeng 135 $aurcn||||||||| 181 $ctxt 182 $cc 183 $acr 200 10$aHomelessness, citizenship, and identity $ethe uncanniness of late modernity /$fKathleen R. Arnold 205 $a1st ed. 210 $aAlbany $cState University of New York Press$dc2004 215 $a1 online resource (224 p.) 225 0 $aSUNY series in national identities 300 $aBibliographic Level Mode of Issuance: Monograph 311 08$a9780791461112 311 08$a0791461114 320 $aIncludes bibliographical references (p. 173-204) and index. 327 $aIntro -- HOMELESSNESS, CITIZENSHIP, AND IDENTITY -- Contents -- Acknowledgments -- 1. Introduction -- 2. Citizenship and Political Identity -- Introduction -- Citizenship and Property in the Liberal Tradition: Political Power and Economic Independence versus Dependence -- Juridical Conceptions of Citizenship -- Social Dimensions of Citizenship -- Conclusion -- 3. Das Unheimliche -- Introduction -- Home/Homeless -- Power Dynamics of Home/Homeless: The Uncanny -- Political Manifestations of the Uncanny -- 4. Homelessness and Panopticism -- Introduction -- History and Background -- Homelessness and Panopticism -- Conclusion -- 5. Homeland, Homelessness, and Cosmopolitanism -- Introduction -- Self/Other -- State Power, Identity, and the Nation-State -- Capitalism and Globalization -- Identity and Cosmopolitanism: A Politics of Homelessness -- Cosmopolitan Citizenship -- 6. Debt, Guilt, and Responsibility: Schuld -- Notes -- 1. Introduction -- 2. Citizenship and Political Identity -- 3. Das Unheimliche -- 4. Homelessness and Panopticism -- 5. Homeland, Homelessness, and Cosmopolitanism -- 6. Debt, Guilt, and Responsibility: Schuld -- Index -- A -- B -- C -- D -- E -- F -- G -- J -- I -- J -- K -- L -- M -- N -- O -- P -- R -- S -- T -- U -- V -- W -- X -- Y. 330 $aExplores the political and economic causes and consequences of homelessness. 606 $aHomelessness 606 $aHomelessness$xGovernment policy 606 $aHomeless persons 615 0$aHomelessness. 615 0$aHomelessness$xGovernment policy. 615 0$aHomeless persons. 676 $a305.5/692 700 $aArnold$b Kathleen R.$f1966-$01595296 801 0$bMiAaPQ 801 1$bMiAaPQ 801 2$bMiAaPQ 906 $aBOOK 912 $a9910971691903321 996 $aHomelessness, citizenship, and identity$94363553 997 $aUNINA